000 00811nam a2200205Ia 4500
003 IN-BaIIA
008 211028s9999 xx 000 0 eng d
040 _cIIA Library
080 _a523.64
_bBAT
111 _aESLAB Symposium on the exploration of Halley's comet
_n20th
_cGermany
_d1986 Oct. 27-31
_928069
245 0 _aExploration of Halley's comet
_b20th ESLAB symposium on the exploration of Halley's comet held in Heidelberg, Germany, 27-31 Oct 1986
_cedited by B. Battrick and Erica Rolfe
260 _aFrance
_bEuropean Space Agency
_c1986
300 _aviii, 466p.
650 _aComet coma
_928070
650 _aFlux distribution
_928071
650 _aJET structures
_928072
700 _aBattrick, B., ed.
_911567
700 _aRolfe, Erica, ed.
942 _cBK
999 _c15238
_d15238